000 00728nam a2200253 i 4500
001 88759
003 ES-MaACL
005 20250816062534.0
007 t|
008 041215s1977 sp |||| | spa d
020 _a84-297-1320-4
080 _a1(04)
080 _a1 Merleau-Ponty, Maurice
100 1 _aMerleau-Ponty, Maurice.
_980571
245 1 0 _aSentido y sinsentido /
_cMaurice Merleau Ponty.
250 _a1ª ed.
260 _aBarcelona :
_bPenínsula,
_c1977.
300 _a277 p. ;
_c20 cm.
490 1 _aHistoria, ciencia, sociedad ;
_v140
650 1 7 _aFilosofía
_2embne
_912802
830 0 0 _aHistoria, ciencia, sociedad (Península)
_v140
_9177444
852 _aES-MaACL
_jE-10605
999 _c88759
_d88759